000 00992nam a2200337Ia 4500
003 OSt
005 20220912153220.0
006 a|||||r|||| 00| 0
007 ta
008 220909b |||||||| |||| 00| 0 eng d
020 _a0471950610(V 1) (hbd)
024 _a3415
037 _bInsat,
037 _cTextual
040 _aCSL
_beng
_cCSL
041 _aeng
082 _aB281N07, N4.1
100 _aRogers L C G
245 0 _aDiffusions, Markov processes and margtingales
250 _a2
260 _aChichester
_bJohn Wiley Sons
_c1994
300 _ap.
_ccm.
490 _aWiley series in probability and mathematical statistics
500 _aNew edition of: Diffusions, Markov processes, and martingales, by David Williams
650 _a Markov processes
650 _a Probability
650 _aStatistics
700 _a Williams David
942 _hB281N07, N4.1
_cTEXL
_2CC
999 _c99279
_d99279